Potential and Identity (Record no. 178672)

000 -LEADER
fixed length control field 01049 a2200181 4500
003 - CONTROL NUMBER IDENTIFIER
control field Nust
005 - DATE AND TIME OF LATEST TRANSACTION
control field 20170207153051.0
040 ## - CATALOGING SOURCE
Transcribing agency Nust
082 ## - DEWEY DECIMAL CLASSIFICATION NUMBER
Classification number 150
100 ## - MAIN ENTRY--PERSONAL NAME
Personal name Muhammad ,Bashir Lt col
245 ## - TITLE STATEMENT
Title Potential and Identity
Statement of responsibility, etc. Lt Col Muhammad Bashir AEC
260 ## - PUBLICATION, DISTRIBUTION, ETC.
Place of publication, distribution, etc. Rawalpindi
Name of publisher, distributor, etc. Army press
Date of publication, distribution, etc. 1998
300 ## - PHYSICAL DESCRIPTION
Extent 151,p;
505 ## - FORMATTED CONTENTS NOTE
Formatted contents note The ecstasy of martyrdom (page-1), combat leadership (page-9), in search of human excellence (page-15), living with strength (page-23), human character (page-29), quranic perspective of learning (page-39), the scholastic leadership (page-45), self actualization (page-53), idealism (page-59), creativity (page-65), confidence (page-73), human destiny (page-79), a military paradigm (page-89), Human development (page-97), potential and identity (page-109), men creation (page-117), heavenly teaching (page-127), psychological concept (page-135), propotion and judgement(page-141), Patience (page-149)
538 ## - SYSTEM DETAILS NOTE
System details note Almirah No.47 Shelf No.2
600 ## - SUBJECT ADDED ENTRY--PERSONAL NAME
Personal name Lt Col Muhammad Bashir
650 ## - SUBJECT ADDED ENTRY--TOPICAL TERM
Topical term or geographic name entry element Potential and Identity
942 ## - ADDED ENTRY ELEMENTS (KOHA)
Source of classification or shelving scheme
Koha item type Book
Holdings
Withdrawn status Lost status Source of classification or shelving scheme Damaged status Not for loan Collection code Permanent Location Current Location Date acquired Total Checkouts Full call number Barcode Date last seen Price effective from Koha item type
            Military College of Signals (MCS) Military College of Signals (MCS) 12/12/2016   150 BAS MCS26334 12/08/2016 12/12/2016 Book
            Military College of Signals (MCS) Military College of Signals (MCS) 12/12/2016   150 BAS MCS36506 12/08/2016 12/12/2016 Book
© 2023 Central Library, National University of Sciences and Technology. All Rights Reserved.